HCI models, theories, and frameworks : toward a multidisciplinary science
Αποθηκεύτηκε σε:
| Άλλοι συγγραφείς: | |
|---|---|
| Μορφή: | Βιβλίο |
| Γλώσσα: | English |
| Δημοσίευση: |
Amsterdam :
Morgan Kaufmann,
c2003
|
| Σειρά: | Morgan Kaufmann series in interactive technologies
|
| Θέματα: | |
| Ετικέτες: |
Προσθήκη ετικέτας
Δεν υπάρχουν, Καταχωρήστε ετικέτα πρώτοι!
|
MARC
| LEADER | 00000nam a2200000 i 4500 | ||
|---|---|---|---|
| 001 | 1/54913 | ||
| 008 | 070914s2003 eng d | ||
| 020 | |a 1-55860-808-7 | ||
| 035 | |l 10090712 | ||
| 040 | |a GR-MY-UA |b gre |e aacr | ||
| 041 | 0 | |a eng | |
| 082 | 0 | |a 004.019 |2 (22) | |
| 245 | 1 | 0 | |a HCI models, theories, and frameworks : |b toward a multidisciplinary science / |c edited by John M. Carroll |
| 260 | |a Amsterdam : |b Morgan Kaufmann, |c c2003 | ||
| 300 | |a xvi, 551 σ.; |b εικ. (μερ. έγχρ.); |c 24 εκ. | ||
| 490 | 1 | |a The Morgan Kaufmann series in interactive technologies | |
| 504 | |a Βιβλιογραφία: σ. 475-519. Ευρετήριο | ||
| 650 | 0 | 0 | |a Human-computer interaction. |
| 700 | 1 | |a Carroll, John M. |4 edt | |
| 830 | 0 | |a Morgan Kaufmann series in interactive technologies | |
| 852 | |a INST |b LESVOS |e 20070914 |h 004.019 HCI |p 005100041188 |q 005100041188 |t BK |y 0 | ||
| 852 | |a INST |b SYROS |e 20070919 |h 004.019 HCI |p 005500007143 |q 005500007143 |t BK |y 0 | ||
| 901 | |a BIBL5-2007-3 | ||
| 901 | |a BIBL1-2007-3 | ||
| 909 | |a Ε |b 137994 | ||
| 909 | |a Λ |b 137920 | ||
| 922 | |a 5ΕΛΗ |b 200707 |c ΕΠΕΑΕΚ2/ΤΜΣΠΣ |d ΕΛΕΥΘΕΡΟΥΔΑΚΗΣ | ||
| 922 | |a 1ΕΛΗ |b 200707 |c ΕΠΕΑΕΚ2/ΠΤΕ |d ΕΛΕΥΘΕΡΟΥΔΑΚΗΣ | ||
| 970 | |a ΚΑΡΑ |b ΓΙΑΣΕΜΗ |z 2007/09/14 | ||